000 00364nam a2200145Ia 4500
008 230711s9999||||xx |||||||||||||| ||und||
041 _aENG
082 _a624
_bSH-I
100 _aShen,Thomas T
245 0 _aIndustrial pollution prevention
250 _a1st Ed.
260 _c1994
_aNew Delhi
_bOxford University Press
650 _aCivil Engineering
942 _cBK
999 _c3095
_d3095